Odstredivý pohon /

Uložené v:
Podrobná bibliografia
Hlavný autor: Mastihuba, Jozef (Inventor, Patent holder)
Médium: Patent
Jazyk:Slovak
Vydané: Banská Bystrica : Úrad priemyselného vlastníctva SR, 2007.
Témy:
Fyzický popis: 5 s.
Tagy: Pridať tag
Žiadne tagy, Buďte prvý kto otaguje tento záznam!

MARC

LEADER 00000nam a2200000 a 4500
001 000335136
003 SVKKK
005 20070917102744.0
008 070917s2007 xo f j #0|| 0#slo c
013 |a 948-2000  |d 2.7.2002  |d 2.8.2007  |d 12.7.2007 
040 |a SVK  |b slo  |c SVK  |e AACR2 
041 0 # |a slo 
044 |a xo  |c SK 
084 |a F16D 31/00  |2 MPT 
084 |a F16H 61/00  |2 MPT 
100 1 |a Mastihuba, Jozef  |4 inv  |4 pth 
245 1 0 |a Odstredivý pohon /  |c Mastihuba Jozef. 
260 # |a Banská Bystrica :  |b Úrad priemyselného vlastníctva SR,  |c 2007. 
300 |a 5 s. 
655 7 |a patenty  |2 SVKPH 
910 |a svkkk 
998 |a PA 
090 |g SCKHL  |k SK41  |a 285 787  |j 1546  |i I8913  |s Vyradená